00720 2200241 4500001002100000005001700021008004100038020002200079035002500101040001200126082001400138084001400152245012100166260002800287300003700315440002500352650001200377700002300389850001200412990001800424990001800442990001800460INLIS00000000000533020150824150418.0  a978-602-258-051-5 a0010-051500000000463 aYOPDYOG 223a398.2 a398.2 Fol aFOLKLOR dan folklife dalam kehidupan dunia modernb: Kesatuan dan keberagamanc/ Editor, Suwardi Endraswara [et.all] aYogyakartabOmbakc2013 axii, 964 hlm.b: Ilus.c; 24 cm. aTermasuk bibliografi aFolklor aSUWARDI Endraswara aYOPDYOG a12564-PD/B.15 a12565-PD/B.15 a12566-PD/B.15